Diabetes : (Record no. 115996)
[ view plain ]
| 000 -LEADER | |
|---|---|
| fixed length control field | 00860nam a2200241 a 4500 |
| 003 - CONTROL NUMBER IDENTIFIER | |
| control field | OSt |
| 005 - DATE AND TIME OF LATEST TRANSACTION | |
| control field | 20240312152617.0 |
| 008 - FIXED-LENGTH DATA ELEMENTS--GENERAL INFORMATION | |
| fixed length control field | |
| 020 ## - INTERNATIONAL STANDARD BOOK NUMBER | |
| International Standard Book Number | 9780080446868 (paperback) |
| 040 ## - CATALOGING SOURCE | |
| Transcribing agency | NUST |
| Original cataloging agency | NUST |
| Language of cataloging | eng |
| Modifying agency | NUST |
| Description conventions | rda |
| 050 ## - LIBRARY OF CONGRESS CALL NUMBER | |
| Classification number | REF RC660. A2 DIA |
| 245 #0 - TITLE STATEMENT | |
| Title | Diabetes : |
| Remainder of title | best practice & research compendium/ |
| Statement of responsibility, etc. | edited by Anthony H. Barnett. |
| 260 ## - PUBLICATION, DISTRIBUTION, ETC. | |
| Place of publication, distribution, etc. | Edinburgh : |
| Name of publisher, distributor, etc. | Elsevier, |
| Date of publication, distribution, etc. | 2006. |
| 300 ## - PHYSICAL DESCRIPTION | |
| Extent | xii, 275 pages. : |
| Other physical details | coloured illustrations : |
| Dimensions | 28 cm. |
| 336 ## - CONTENT TYPE | |
| Source | rdacontent |
| Content type term | text |
| Content type code | txt |
| 337 ## - MEDIA TYPE | |
| Source | rdamedia |
| Media type term | unmediated |
| Media type code | n |
| 338 ## - CARRIER TYPE | |
| Source | rdacarrier |
| Carrier type term | volume |
| Carrier type code | nc |
| 504 ## - BIBLIOGRAPHY, ETC. NOTE | |
| Bibliography, etc. note | Includes bibliographical references. |
| 650 ## - SUBJECT ADDED ENTRY--TOPICAL TERM | |
| Topical term or geographic name entry element | Diabetes. |
| 700 ## - ADDED ENTRY--PERSONAL NAME | |
| Personal name | Barnett, Anthony H. |
| Relator term | Editor |
| 907 ## - LOCAL DATA ELEMENT G, LDG (RLIN) | |
| a | .b10287127 |
| b | 17-09-12 |
| c | 12-11-10 |
| 942 ## - ADDED ENTRY ELEMENTS (KOHA) | |
| Koha item type | Ordinary Loan Books |
| Call number prefix | REF RC660.A2 |
| Call number suffix | DIA |
| Source of classification or shelving scheme | Library of Congress Classification |
| Classification part | REF RC660. A2 DIA |
| Suppress in OPAC | No |
| Withdrawn status | Lost status | Source of classification or shelving scheme | Damaged status | Not for loan | Collection | Home library | Current library | Shelving location | Date acquired | Cost, normal purchase price | Total Checkouts | Full call number | Barcode | Date last seen | Accession number | Cost, replacement price | Price effective from | Koha item type |
|---|---|---|---|---|---|---|---|---|---|---|---|---|---|---|---|---|---|---|
| LCC | NFIC | Medical | Medical | GEN | 01/20/2023 | 80.00 | REF RC660.A2 DIA | 92004015310 | 01/20/2023 | 37360 | 80.00 | 01/20/2023 | BOOKS |